| 000 | 00491nam a2200181Ia 4500 | ||
|---|---|---|---|
| 001 | 14297 | ||
| 005 | 20260306164904.0 | ||
| 008 | 260306t2010||||xx |||||||||||||| ||spa|| | ||
| 041 | _aESP | ||
| 082 |
_a511.3 _bG23 |
||
| 100 |
_aGarcía Muñoz, Miguel Ángel _eAUT |
||
| 245 | 0 |
_aMatemática discreta para la computación: _bnociones teóricas y problemas resueltos |
|
| 260 | _c2010 | ||
| 300 |
_a722 páginas : _c24 cm. |
||
| 650 | _aGEN | ||
| 654 | _aCMA | ||
| 942 |
_cLIB _dJUS _fJUS _2ddc _n |
||
| 999 |
_c14297 _d14297 |
||